Свежий взгляд на 22 псалом (Запись № 11433353)
[ простой вид ]
| 000 -МАРКЕР | |
|---|---|
| контрольное поле | 01389nam0a2200349 i 4500 |
| 001 - ИДЕНТИФИКАТОР ЗАПИСИ | |
| контрольное поле | RU\NLR\BIBL_A\011103501 |
| 005 - ИДЕНТИФИКАТОР ВЕРСИИ | |
| контрольное поле | 20260409000018.0 |
| 010 ## - МЕЖДУНАРОДНЫЙ СТАНДАРТНЫЙ НОМЕР КНИГИ (ISBN) | |
| Номер (ISBN) | 9785745413940 |
| Тираж | 300 |
| 021 ## - НОМЕР ГОСУДАРСТВЕННОЙ РЕГИСТРАЦИИ | |
| Код страны | Российская Федерация |
| Номер | 2016-22807 |
| Номер Листа государственной регистраци | 1441 |
| 035 ## - ДРУГИЕ СИСТЕМНЫЕ НОМЕРА | |
| Идентификатор записи | (NILC)RuMoRGB-008254554 |
| 035 ## - ДРУГИЕ СИСТЕМНЫЕ НОМЕРА | |
| Идентификатор записи | (NLR Aleph) 011103501 |
| 100 ## - ДАННЫЕ ОБЩЕЙ ОБРАБОТКИ | |
| Данные общей обработки | 20160415d2016 u y0rusy50 ca |
| 101 0# - ЯЗЫК РЕСУРСА | |
| Язык текста, звукозаписи и т.д. | русский |
| 102 ## - СТРАНА ПУБЛИКАЦИИ ИЛИ ПРОИЗВОДСТВА | |
| Страна публикации | Российская Федерация |
| 105 ## - ПОЛЕ КОДИРОВАННЫХ ДАННЫХ: ТЕКСТОВЫЕ МАТЕРИАЛЫ, МОНОГРАФИЧЕСКИЕ | |
| Кодированные данные о монографическом текстовом документе | y|||w|||000 |
| 200 1# - ЗАГЛАВИЕ И СВЕДЕНИЯ ОБ ОТВЕТСТВЕННОСТИ | |
| Основное заглавие | Свежий взгляд на 22 псалом |
| Сведения, относящиеся к заглавию | пастыри по уставу Христа |
| -- | [религиозное издание] |
| Первые сведения об ответственности | Дэниел Блок |
| 210 ## - ПУБЛИКАЦИЯ, РАСПРОСТРАНЕНИЕ И ДР. | |
| Место издания, распространения и т.д. | Санкт-Петербург |
| Имя издателя, распространителя и т. д. | Библия для всех |
| Дата издания, распространения и т.д. | 2016 |
| 215 ## - ФИЗИЧЕСКАЯ ХАРАКТЕРИСТИКА | |
| Специфическое обозначение материала и объем | 24, [3] с. |
| Размеры | 21 |
| 300 ## - ОБЩИЕ ПРИМЕЧАНИЯ | |
| Текст примечания | На 4-й с. обл. авт.: Д. Блок, проф. |
| 500 ## - УНИФИЦИРОВАННОЕ ЗАГЛАВИЕ | |
| Унифицированное заглавие | Библия |
| Наименование раздела или части | В.З. |
| -- | Псалтирь |
| Сведения, относящиеся к заглавию/сведения о виде, жанре, характере документа | Переработки |
| Идентификатор авторитетной / нормативной записи | RU\NLR\AUTH\5510622 |
| Системный номер авторитетной/нормативной записи | 2632622 |
| 605 ## - ЗАГЛАВИЕ КАК ПРЕДМЕТ | |
| Начальный элемент ввода | Библия |
| Наименование части | Ветхий Завет |
| -- | Псалтырь |
| Тематический подзаголовок | Толкование |
| Системный номер авторитетной/нормативной записи | 2191472 |
| Идентификатор авторитетной/нормативной записи | RU\NLR\AUTH\661317340 |
| 605 ## - ЗАГЛАВИЕ КАК ПРЕДМЕТ | |
| Начальный элемент ввода | Библия |
| Наименование части | В. З. |
| -- | Псалтирь |
| 686 2# - ИНДЕКСЫ ДРУГИХ КЛАССИФИКАЦИЙ | |
| Индекс | Э37-210.913 |
| 700 #1 - ИМЯ ЛИЦА - ПЕРВИЧНАЯ ОТВЕТСТВЕННОСТЬ | |
| Начальный элемент ввода | Блок |
| Часть имени, кроме начального элемента ввода | Д. |
| Расширение инициалов личного имени | Дэниел |
| 702 #0 - ИМЯ ЛИЦА - ВТОРИЧНАЯ ОТВЕТСТВЕННОСТЬ | |
| Код отношения | Прочие |
| Материалы, к которым относится поле | rus |
| Графика поля | Кириллица |
| Начальный элемент ввода | Иисус Христос |
| Идентификатор авторитетной/нормативной записи | RU\NLR\AUTH\779638 |
| Системный номер авторитетной/нормативной записи | 119452 |
| 801 #0 - ИСТОЧНИК ЗАПИСИ | |
| Страна | Российская Федерация |
| Организация | РГБ |
| Дата составления | 20160323 |
| Правила каталогизации | RCR |
| 942 ## - ДОПОЛНИТЕЛЬНЫЕ ЭЛЕМЕНТЫ ЗАПИСИ (АБИС) | |
| Тип экземпляра АБИС | Книга |
| 980 ## - КОЛЛЕКЦИЯ | |
| Название коллекции | НБР |
Нет доступных экземпляров.